Useful rules and tables relating to mensuration, engineering, structures, and machines (Record no. 124064)
[ view plain ]
| 000 -LEADER | |
|---|---|
| fixed length control field | 01547cam a2200337K 4500 |
| 001 - CONTROL NUMBER | |
| control field | 8026335 |
| 003 - CONTROL NUMBER IDENTIFIER | |
| control field | ARRUPE |
| 005 - DATE AND TIME OF LATEST TRANSACTION | |
| control field | 20160204143846.0 |
| 006 - FIXED-LENGTH DATA ELEMENTS--ADDITIONAL MATERIAL CHARACTERISTICS--GENERAL INFORMATION | |
| fixed length control field | m d |
| 007 - PHYSICAL DESCRIPTION FIXED FIELD--GENERAL INFORMATION | |
| fixed length control field | cr bn||||||abp |
| 007 - PHYSICAL DESCRIPTION FIXED FIELD--GENERAL INFORMATION | |
| fixed length control field | cr bn||||||ada |
| 008 - FIXED-LENGTH DATA ELEMENTS--GENERAL INFORMATION | |
| fixed length control field | 100510s1876 enka o 000 0 eng d |
| 035 ## - SYSTEM CONTROL NUMBER | |
| System control number | (OCoLC)ocn613219647 |
| 035 ## - SYSTEM CONTROL NUMBER | |
| System control number | (OCoLC)613219647 |
| 040 ## - CATALOGING SOURCE | |
| Original cataloging agency | OCLCE |
| Language of cataloging | eng |
| Transcribing agency | OCLCE |
| Modifying agency | OCLCQ |
| 049 ## - LOCAL HOLDINGS (OCLC) | |
| Holding library | ZCUA |
| 082 04 - DEWEY DECIMAL CLASSIFICATION NUMBER | |
| Classification number | 620.8 |
| Item number | R16 |
| 100 1# - MAIN ENTRY--PERSONAL NAME | |
| Personal name | Rankine, William John Macquorn, |
| Dates associated with a name | 1820-1872. |
| 9 (RLIN) | 21876 |
| 245 10 - TITLE STATEMENT | |
| Title | Useful rules and tables relating to mensuration, engineering, structures, and machines |
| Statement of responsibility, etc | By William John Macquorn Rankine. |
| 250 ## - EDITION STATEMENT | |
| Edition statement | 6th ed. |
| 260 ## - PUBLICATION, DISTRIBUTION, ETC. (IMPRINT) | |
| Place of publication, distribution, etc | London, |
| Name of publisher, distributor, etc | C. Griffin and Co., |
| Date of publication, distribution, etc | 1883 |
| 300 ## - PHYSICAL DESCRIPTION | |
| Extent | viii, 314 p. |
| 506 ## - RESTRICTIONS ON ACCESS NOTE | |
| Materials specified | Use copy |
| Standardized terminology for access restriction | Restrictions unspecified |
| Source of term | star |
| Institution to which field applies | MiAaHDL |
| 533 ## - REPRODUCTION NOTE | |
| Type of reproduction | Electronic reproduction. |
| Place of reproduction | [S.l.] : |
| Agency responsible for reproduction | HathiTrust Digital Library, |
| Date of reproduction | 2010. |
| 538 ## - SYSTEM DETAILS NOTE | |
| System details note | Master and use copy. Digital master created according to Benchmark for Faithful Digital Reproductions of Monographs and Serials, Version 1. Digital Library Federation, December 2002. |
| Uniform Resource Identifier | <a href="http://purl.oclc.org/DLF/benchrepro0212">http://purl.oclc.org/DLF/benchrepro0212</a> |
| 583 1# - ACTION NOTE | |
| Action | digitized |
| Time/date of action | 2010 |
| Jurisdiction | HathiTrust Digital Library |
| Status | committed to preserve |
| Source of term | pda |
| Institution to which field applies | MiAaHDL |
| 650 ## - SUBJECT ADDED ENTRY--TOPICAL TERM | |
| Topical term or geographic name as entry element | Engineering handbook |
| 9 (RLIN) | 21877 |
| 700 1# - ADDED ENTRY--PERSONAL NAME | |
| Personal name | Millar, W.J |
| 9 (RLIN) | 21878 |
| 776 08 - ADDITIONAL PHYSICAL FORM ENTRY | |
| Display text | Print version: |
| Main entry heading | Rankine, William John Macquorn, 1820-1872. |
| Title | Useful rules and tables relating to mensuration, engineering, structures, and machines. |
| Edition | 5th ed. |
| Place, publisher, and date of publication | London, C. Griffin and Co., 1876 |
| Record control number | (OCoLC)5586020 |
| 942 ## - ADDED ENTRY ELEMENTS (KOHA) | |
| Source of classification or shelving scheme | Library of Congress Classification |
| Koha item type | SPC |
| Withdrawn status | Lost status | Source of classification or shelving scheme | Damaged status | Not for loan | Collection code | Home library | Current library | Shelving location | Date acquired | Total Checkouts | Full call number | Barcode | Date last seen | Price effective from | Koha item type |
|---|---|---|---|---|---|---|---|---|---|---|---|---|---|---|---|
| Library of Congress Classification | SPECIAL Collection | ARRUPE LIBRARY | ARRUPE LIBRARY | Reference | 27/01/2016 | SPC TA151.R24 | 46500006150 | 27/01/2016 | 27/01/2016 | SPC |